000 01482cam a22003614a 4500
001 16265076
003 ARRUPE
005 20150324020007.0
008 100603s2011 enk 000 0 eng
010 _a 2010023062
020 _a9781847061416
020 _a1847061419
020 _a9781847061423
020 _a1847061427
035 _a(OCoLC)ocn639574704
040 _aDLC
_cDLC
_dYDX
_dERASA
_dYDXCP
_dVKC
_dCDX
_dBWX
_dDLC
050 0 0 _aB3376.W564
_bT42 2011
082 0 0 _a192
_222
100 1 _aTejedor, Chon.
_910568
245 1 0 _aStarting with Wittgenstein /
_cChon Tejedor.
260 _aLondon ;
_aNew York :
_bContinuum,
_cc2011.
300 _ax, 183 p. ;
_c22 cm.
490 1 _aContinuum's starting with
505 0 _aLanguage and logic -- Thoughts and the self -- Logic and ethics -- Language and use -- Rules and meaning -- Sensations and private languages.
600 1 0 _aWittgenstein, Ludwig,
_d1889-1951.
_910569
830 0 _aStarting with...
_910570
856 4 2 _3Contributor biographical information
_uhttp://www.loc.gov/catdir/enhancements/fy1213/2010023062-b.html
856 4 1 _3Table of contents only
_uhttp://www.loc.gov/catdir/enhancements/fy1213/2010023062-t.html
856 4 2 _3Publisher description
_uhttp://www.loc.gov/catdir/enhancements/fy1213/2010023062-d.html
906 _a7
_bcbc
_corignew
_d1
_eecip
_f20
_gy-gencatlg
942 _2lcc
_cMONOGRAPH
_08
999 _c120605
_d120605